01357ntm a2200265 a 450000100060000000300080000600500170001400800410003103500190007204000350009104100080012608200320013410000310016624502490019726000800044630000470052650200860057350400340065965000810069370000490077470000620082394200130088599900170089895201760091575687BD-RjUL20211209082728.0190519s2016 bg a|||| bm|| 00| 0 eng d a(BD-RjUL)75906 aBD-RjULbengcBD-RjULdBD-RjUL aeng 223a616.950954924bRAP 20161 aRahman, Md. Saidur923177710aPrevalence of HIV/AIDS/STDs among the Patients attending skin & VD OPD of some Medical College Hospitals of Northern Bangladesh /cby Md. Saidur Rahman ;6Principal Supervisor: Parvez Hassan ; Co-Supervisor: A. K. M. Rownak Hossain Chowdhury aRajshahi :bInstitute of Biological Sciences, University of Rajshahi,c2016 a[6], vi, [8], 160 leaves :bIll. ;c29 cm. aThesis (Ph. D.) -- Institute of Biological Sciences, University of Rajshahi, 2016 aReferences : leaves [110]-135 aSextually transmitted diseases (STD) zBangladeshzNorthern District9231778 aHassan, Parvez, Principal Supervisor9231779 aChowdhury, A. K. M. Rownak Hossain, Co-Supervisor9231780 2ddccTHE c75687d75687 00102ddc40718THESESaRUCLbRUCLcDoc/Thed2019-03-31eController of Examination Office, R. U.l0oTHE 616.950954924 RAP 2016r2019-05-19 00:00:00tC-1w2019-05-19yTHE